| 000 | 00740nam a2200193 i 4500 | ||
|---|---|---|---|
| 001 | 73689 | ||
| 003 | ES-MaACL | ||
| 005 | 20230906171907.0 | ||
| 007 | t| | ||
| 008 | 040909q19701979sp ||||1| spa d | ||
| 100 | 0 |
_aGómez-Tabanera, José Manuel, _d1926-2011 _958165 |
|
| 245 | 1 | 3 |
_aLa cultura castreña astur y los modos de producción en las sociedades castreñas del NW hispano / _cJosé Manuel Gómez-Tabanera. |
| 260 |
_a[S. l. : _bs.n., _c197-?] |
||
| 300 |
_a11 h. : _bil. ; _c24 cm. |
||
| 500 | _aEs Separata del: XIII Congreso Nacional de Arqueología, Huelva 1973, p. 557-578. | ||
| 711 | 2 |
_aCongreso Nacional de Arqueología ( _n13º. _d1973. _cHuelva) _9514 |
|
| 852 |
_aES-MaACL _j2103-F-6 _bR.93465 |
||
| 999 |
_c73689 _d73689 |
||